00850nam a22002537a 450000500170000001000110001702000100002803500110003803700160004904000120006508200160007710000330009324500540012624600060018026000340018627000120022030000240023250000510025665000320030765000270033994200250036699900190039195201860041020170124105937.0 a476827 c00.00 a476827 bCen Lib/Ret aDPLbEN a327.73bFUL aFulbright, J. William910129 aThe arrogance of power /cby J. William Fulbright b  bJonathan Cape aLondon c1967 bLondon  axv, 264p.c21cm(Hb) aIncludes bibliographical references and index  aForeign relation z 910130 aArrogance power910131 2ddccENh327.73mFUL c124273d124273 04104070aLbLd2015-06-15eCen Lib/Retg0.00l0o327.73 FULp476827r2015-06-15 00:00:00t1v0.00w2015-06-15yENzWritten off on approval by DLB (By Circulation); dtd 15-06-2023